000
00289nam a22001217a 4500
020
_a
9781912464050
040
_c
NUST
082
_a
823-CH
_b
DIE
100
_a
Dickens, Charles
_9
386
245
_a
Great Expectations
260
_a
UK:
_b
Baker Street Press Saltway,
_c
2007
942
_2
ddc
_c
BK
999
_c
586470
_d
586470